000 01508nam0a2200361 4500
001 RU\NLR\BIBL_A\022270318
005 20260420011702.0
010 _a978-5-09-114809-1
_91000
021 _aRU
_bКН-П-24-030288
_9КН-П-24-3074
035 _a(NLR Aleph) 022270318
090 _a13660028
_c13660028
100 _a20240703d2024 e y0rusy50 ca
101 0 _arus
102 _aRU
105 _aa j 000yy
181 0 _ai
_bxxxe
182 0 _an
200 1 _aНаша Конституция
_eучебное пособие
_eдля старшеклассников
_fЕ. К. Калуцкая
_gпод общей редакцией академика РАН А. О. Чубарьяна
203 _aТекст
_bвизуальный
_cнепосредственный
205 _a4-е изд., стер.
210 _aМосква
_cПросвещение
_d2024
215 _a142, [1] с.
_cцв. ил.
_d21
225 1 _aФГОС
300 _aНа обл. авт. не указан
320 _aБиблиогр. в подстроч. примеч.
333 _a12+
606 1 _aКонституционное право
_jУчебные издания для средней школы
_yРоссийская Федерация
_92073864
_3RU\NLR\AUTH\661248813
686 1 _aХ620я721
700 1 _aКалуцкая
_bЕ. К.
_gЕлена Константиновна
942 _cBOOK
980 _aNB